Сведения о личном составе училищных врачей Варшавского и Рижского учебных округов

Доступно только в Электронных читальных залах Найти на картеНа карте
RUSMARC
00003744nmc2a22002413x 450
0016c67339e-0c51-459f-8b20-286b18fb508f
00520220416204005.0
100##$a20211207l19071914k l0rusy0189 ca
1010#$arus
102##$aRU
105##$ay###
1222#$ad
2001#$aСведения о личном составе училищных врачей Варшавского и Рижского учебных округов
$j27 июля 1907 г. - 28 октября 1914 г.
$hЧасть 19
215##$a186 л.
$d36,5х26 см
251##$cДело
300##$aДело
371##$aДокумент не является опубликованным и широко распространяемым
461#0$1001a74412a3-3cc5-4d21-8f0a-dfe2fbd9e72d
$12001
$aДепартамент народного просвещения Министерства народного просвещения (1803-1917)
$1251
$cФонд
$1852
$j733
462#0$1001cd96d67f-e8ec-43e9-9e47-a30a396514d9
$12001
$aДела врачебно-санитарной части учебных заведений Министерства народного просвещения
$1251
$cОпись
$1852
$j199
801#0$aRU
$bРГИА
$c20211207
$gRCR
801#1$aRU
$bГлавНИВЦ
$c20211207
$2rusmarc
801#2$aRU
$bПБ им. Б.Н. Ельцина
$c20220416
$gRCR
$2rusmarc
850##$aРГИА
852##$aРГИА
$eФедеральное казенное учреждение "Российский государственный исторический архив" (РГИА)
$j289
937##$hРГИА
$d12370331
$aASBIBLIO_SCAN
035##$aRusGRCC00038601
856##$uhttp://readingroom.main.prlib.ru/item.aspx?id_node=n175648139&mode=full
Формат отображения